| 000 | 00466nam a22001457a 4500 | ||
|---|---|---|---|
| 003 | MACL | ||
| 005 | 20190623162246.0 | ||
| 008 | 190623b xxu||||| |||| 00| 0 eng d | ||
| 040 | _cMACL | ||
| 100 |
_aसिंह,डॉ. गुरूरचण _975529 |
||
| 245 | _aसमकालीन हिंदी कविता कोश | ||
| 260 |
_aकानपुर _bअमन प्रकाशन _c2015 |
||
| 650 |
_aशब्दकोश _9284 |
||
| 942 |
_2ddc _cHIN |
||
| 999 |
_c60254 _d60254 |
||